Summer Olympics Host Cities!!! - Statistics

General Stats
  • This quiz has been taken 22 times
  • The average score is 27 of 32
Answer Stats
Hint Answer % Correct
1932 Los Angeles
100%
1984 Los Angeles
100%
2028 Los Angeles
100%
1900 Paris
100%
1924 Paris
100%
2024 Paris
100%
1964 Tokyo
100%
2020 Tokyo
100%
1896 Athens
94%
2004 Athens
94%
1936 Berlin
94%
1908 London
94%
1948 London
94%
2012 London
94%
2008 Beijing
88%
2016 Rio de Janeiro
88%
1960 Rome
88%
2000 Sydney
88%
1992 Barcelona
82%
1980 Moscow
82%
1952 Helsinki
76%
1972 Munich
76%
1912 Stockholm
76%
1988 Seoul
71%
1996 Atlanta
65%
2032 Brisbane
65%
1956 Melbourne
65%
1968 Mexico City
65%
1976 Montreal
65%
1928 Amsterdam
59%
1904 St Louis
59%
1920 Antwerp
53%
No matching quizzes found
Score Distribution
Percent of People with Each Score
Percentile by Number Answered
Your Score History
You have not taken this quiz